Evaluation: a tool for improving HRD quality (Record no. 42641)

MARC details
000 -LEADER
fixed length control field 00591nam a2200157 a 4500
008 - FIXED-LENGTH DATA ELEMENTS--GENERAL INFORMATION
fixed length control field 120416s1990 ||||||||||||||||| || u
020 ## - INTERNATIONAL STANDARD BOOK NUMBER
International Standard Book Number 0883900351
050 ## - LIBRARY OF CONGRESS CALL NUMBER
Classification number HF 5549.5.T7 Dix
100 ## - MAIN ENTRY--PERSONAL NAME
Personal name Dixon, Nancy M
245 10 - TITLE STATEMENT
Title Evaluation: a tool for improving HRD quality
260 ## - PUBLICATION, DISTRIBUTION, ETC.
Place of publication, distribution, etc. San Diego:
Name of publisher, distributor, etc. University Associates, Inc
Date of publication, distribution, etc. 1990
300 ## - PHYSICAL DESCRIPTION
Extent iv, 268p. : ill.
350 ## - PRICE (NR) (BK AM CF MU VM SE) [OBSOLETE]
Price 0.00
650 ## - SUBJECT ADDED ENTRY--TOPICAL TERM
Topical term or geographic name entry element EMPLOYEES--TRAINING OF--EVALUATION
995 ## - RECOMMENDATION 995 [LOCAL, UNIMARC FRANCE]
-- 0.00
-- CBU-MAIN LIBRARY (Kitwe)
-- 1
-- 35.00
-- AVAILABLE
-- Main Library Open Access Collection
Holdings
Withdrawn status Lost status Source of classification or shelving scheme Damaged status Not for loan Home library Current library Shelving location Date acquired Total Checkouts Full call number Barcode Date last seen Price effective from Koha item type
          CBU-MAIN LIBRARY, KITWE. CBU-MAIN LIBRARY, KITWE.   11/30/2022   HF 5549.5.T7 Dix 005390 11/30/2022 11/30/2022 MONOGRAPH